Γη της οδύνης : μυθιστόρημα

Αποθηκεύτηκε σε:
Λεπτομέρειες βιβλιογραφικής εγγραφής
Κύριος συγγραφέας: Αβέρωφ-Τοσίτσας, Ευάγγελος, 1910-1990
Μορφή: Βιβλίο
Γλώσσα:Greek
Δημοσίευση: Αθήνα : Εστία,
Σειρά:Νεοελληνική λογοτεχνία (Εστία) ; 170
Θέματα:
Ετικέτες: Προσθήκη ετικέτας
Δεν υπάρχουν, Καταχωρήστε ετικέτα πρώτοι!

MARC

LEADER 00000nam a2200000 i 4500
001 1/54829
008 960510s gre d
035 |l 10027749 
040 |a GR-MY-UA  |b gre  |e aacr 
041 0 |a gre 
082 0 |a 889.3 
100 1 |a Αβέρωφ-Τοσίτσας, Ευάγγελος,   |d 1910-1990. 
245 1 0 |a Γη της οδύνης :  |b μυθιστόρημα /  |c Ευάγγελος Αβέρωφ Τοσίτσας 
260 |a Αθήνα :   |b Εστία,  
300 |a 314 σ. 
490 1 |a Νεοελληνική λογοτεχνία  |v ; 170 
650 0 0 |a Greek literature. 
830 0 |a Νεοελληνική λογοτεχνία (Εστία)  |v ; 170 
852 |a INST  |b CHIOS  |e 19960510  |h 889.3 ΑΒΕ  |p 005200029314  |q 005200029314  |t BK  |y 0 
909 |a Χ  |b 019445